| 000 | 01015cab a22002295a 4500 | ||
|---|---|---|---|
| 001 | L146139 | ||
| 008 | 081211s2008 xxk f 000 0 eng d | ||
| 035 | _a(Sirsi) u146139 | ||
| 041 | 0 | _aeng | |
| 100 | 1 | _aBalian, Jacqueline | |
| 245 | 0 | 0 | _aBuilding labels |
| 260 | _c2008 | ||
| 490 | 0 |
_aPremises and Facilities Management _vOctober 2008, 56-57(2) |
|
| 520 | _aUpdates advice on the Government specifications for Display Energy Certificates and Energy Performance Certificates. Offers some advice to facilities managers with limited budgets and highlights where to get more information and help. | ||
| 590 | _aKA | ||
| 650 | 2 | 4 | _aCOMMERCIAL ENERGY PERFORMANCE CERTIFICATES |
| 650 | 2 | 4 | _aEUROPEAN ENERGY PERFORMANCE OF BUILDINGS DIRECTIVE 2002/91/EC |
| 650 | 2 | 4 | _aENERGY PERFORMANCE OF BUILDINGS (CERTIFICATES AND INSPECTIONS) (ENGLAND AND WALES) REGULATIONS 2007 |
| 651 | 4 |
_aEngland and Wales _y1543- |
|
| 690 | _aENVIRONMENTAL AND LAND CONSULTANCY-SUSTAINABILITY-SUSTAINABLE DEVELOPMENT | ||
| 942 | _n0 | ||
| 999 |
_c81044 _d81044 |
||